000 00378nam a22001577a 4500
005 20250822123921.0
020 _a978-981-4745-94-9
041 _aEnglish
082 _a610.28 Q17 NAR
100 _aNarang Jagriti
245 _aBiosensors an Introductory Textbook
260 _aSingapore
_bPan Stanford Publishing
_c2017
300 _a160
365 _b7775.00
942 _cBK
999 _c176208
_d176208